00541nam a22001817a 450000500170000001000130001702000230003003500130005303700130006608200100007924500890008926000450017827000470022330000260027050000190029670000230031570000210033820230401152046.0 aB-167523 a812032739Xc295.00 aB-167523 aDBAB/Pub a659.1 aAdvertising promotion, and new media :bby Marla R. Stafford [and] Ronald J. Faber ; aNew delhibPrentice Hall of India c2005 aM-97, Connaught circus,bNew Delhie110006 axii,380p.c23cm (pbk) ainculded Index a Stafford Marla R. aFaber Ronald J.